| 000 -LEADER |
| fixed length control field |
01063cam a22002777i 4500 |
| 003 - CONTROL NUMBER IDENTIFIER |
| control field |
OSt |
| 005 - DATE AND TIME OF LATEST TRANSACTION |
| control field |
20220315150737.0 |
| 008 - FIXED-LENGTH DATA ELEMENTS--GENERAL INFORMATION |
| fixed length control field |
151005s2014 vraa 001 0 eng |
| 020 ## - INTERNATIONAL STANDARD BOOK NUMBER |
| International Standard Book Number |
9781864704129 (hardback) |
| 037 ## - SOURCE OF ACQUISITION |
| Source of stock number/acquisition |
6 Bastow Place Mulgrave VIC 3170 |
| 040 ## - CATALOGING SOURCE |
| Original cataloging agency |
DLC |
| Transcribing agency |
DLC |
| Modifying agency |
DLC |
| 043 ## - GEOGRAPHIC AREA CODE |
| Geographic area code |
a-cc--- |
| 082 ## - DEWEY DECIMAL CLASSIFICATION NUMBER |
| Classification number |
720.4830951 |
| Item number |
BIN |
| 245 00 - TITLE STATEMENT |
| Title |
Tall buildings of China / |
| Statement of responsibility, etc |
edited by Georges Binder ; forewords by A. Eugene Kohn and James von Klemperer, Kohn Pederson Fox Associates, Antony Wood, Council on Tall buidlings and Urban Habitat. |
| 300 ## - PHYSICAL DESCRIPTION |
| Extent |
251 pages. : |
| Other physical details |
chiefly color illustrations ; |
| Dimensions |
35 cm |
| 500 ## - GENERAL NOTE |
| General note |
Includes index. |
| 650 #0 - SUBJECT ADDED ENTRY--TOPICAL TERM |
| Topical term or geographic name as entry element |
Architecture, Modern. |
| 650 #0 - SUBJECT ADDED ENTRY--TOPICAL TERM |
| Topical term or geographic name as entry element |
Tall buildings |
| Geographic subdivision |
China. |
| 650 #0 - SUBJECT ADDED ENTRY--TOPICAL TERM |
| Topical term or geographic name as entry element |
Tall buildings |
| Geographic subdivision |
Asia. |
| 650 #0 - SUBJECT ADDED ENTRY--TOPICAL TERM |
| Topical term or geographic name as entry element |
Skyscrapers |
| Geographic subdivision |
China. |
| 650 #0 - SUBJECT ADDED ENTRY--TOPICAL TERM |
| Topical term or geographic name as entry element |
Skyscrapers |
| Geographic subdivision |
Asia. |
| 700 1# - ADDED ENTRY--PERSONAL NAME |
| Personal name |
Binder, Georges, |
| Relator term |
editor. |
| 856 42 - ELECTRONIC LOCATION AND ACCESS |
| Materials specified |
Contributor biographical information |
| Uniform Resource Identifier |
<a href="http://www.loc.gov/catdir/enhancements/fy1602/2015464002-b.html">http://www.loc.gov/catdir/enhancements/fy1602/2015464002-b.html</a> |
| 906 ## - LOCAL DATA ELEMENT F, LDF (RLIN) |
| a |
7 |
| b |
cbc |
| c |
origres |
| d |
3 |
| e |
ncip |
| f |
20 |
| g |
y-gencatlg |
| 942 ## - ADDED ENTRY ELEMENTS (KOHA) |
| Source of classification or shelving scheme |
|